[Event "SV Mülheim-Nord 2 - SF Essen-Katernber"]
[Site "Oberliga NRW 2021/2022"]
[Date "2021.11.28"]
[Round "2.6"]
[White "Schmidt, Kevin"]
[Black "Schimnatkowski, Lukas"]
[Result "1/2-1/2"]
[WhiteElo "1926"]
[BlackElo "2217"]
[PlyCount "107"]
[EventDate "2021.??.??"]
[SourceVersionDate "2020.03.16"]
[WhiteTeam "SV Mülheim-Nord 2"]
[BlackTeam "SF Essen-Katernberg  1"]

1. e4 e5 2. Nf3 Nc6 3. Bc4 Bc5 4. c3 Nf6 5. d3 a6 6. Bb3 Ba7 7. Nbd2 h6 8. Nf1
d5 9. Qe2 O-O 10. Ng3 Re8 11. O-O Be6 12. h3 Na5 13. Bc2 dxe4 14. Nxe4 Nxe4 15.
Qxe4 Nc6 16. Nh4 Qd5 17. Nf5 Qxe4 18. dxe4 Rad8 19. Be3 Bxf5 20. exf5 Bxe3 21.
fxe3 Rd2 22. Rf2 Red8 23. Raf1 Na5 24. b3 R2d6 25. Be4 b5 26. g4 f6 27. Rc1 Kf8
28. Kg2 Rd2 29. Rc2 Rd1 30. c4 b4 31. Rf1 Ke7 32. Rxd1 Rxd1 33. Kf2 Kd8 34. Ke2
Rg1 35. Rd2+ Kc8 36. Kf2 Ra1 37. Kg3 Nb7 38. Bc6 Nc5 39. Kh4 Re1 40. Kh5 Rxe3
41. Kg6 Rxh3 42. Kxg7 e4 43. Kxf6 e3 44. Re2 Kd8 45. g5 hxg5 46. Kg7 Ke7 47.
f6+ Kd6 48. Bg2 Rg3 49. f7 Ne6+ 50. Kf6 Nf8 51. Be4 Nd7+ 52. Kg7 Ke7 53. Bd5
Nf8 54. Bg2 1/2-1/2

[Event "SV Mülheim-Nord 2 - SF Essen-Katernber"]
[Site "Oberliga NRW 2021/2022"]
[Date "2021.11.28"]
[Round "2.7"]
[White "Bee, Marcus"]
[Black "Saltaev, Mihail"]
[Result "0-1"]
[WhiteElo "2190"]
[BlackElo "2449"]
[PlyCount "60"]
[EventDate "2021.??.??"]
[SourceVersionDate "2020.03.16"]
[WhiteTeam "SF Essen-Katernberg  1"]
[BlackTeam "SV Mülheim-Nord 2"]

1. Nf3 d5 2. c4 e6 3. g3 Nf6 4. Bg2 Be7 5. O-O O-O 6. d4 dxc4 7. Qc2 b5 8. a4
b4 9. Nfd2 c6 10. Nxc4 Qxd4 11. Rd1 Qc5 12. b3 Ba6 13. Nbd2 Rd8 14. Bb2 Nbd7
15. Rac1 Nb6 16. e3 Nxc4 17. Bd4 Qh5 18. Nxc4 Bxc4 19. bxc4 Rdc8 20. c5 a5 21.
Bxf6 Bxf6 22. Qc4 Rab8 23. Rd3 g6 24. Qa6 Bb2 25. Rc4 Rd8 26. g4 Qh4 27. Rxd8+
Rxd8 28. Qxc6 Rd1+ 29. Bf1 Be5 30. f4 Rd2 0-1

[Event "SF Brackel 1 - SV Erkenschwick 1"]
[Site "Oberliga NRW 2021/2022"]
[Date "2021.11.28"]
[Round "2.1"]
[White "Jens, Jelmer"]
[Black "Fiebig, Thomas"]
[Result "1/2-1/2"]
[WhiteElo "2404"]
[BlackElo "2415"]
[PlyCount "41"]
[EventDate "2021.??.??"]
[SourceVersionDate "2020.03.16"]
[WhiteTeam "SV Erkenschwick 1"]
[BlackTeam "SF Brackel 1"]

1. e4 e6 2. d4 d5 3. Nd2 a6 4. Ngf3 c5 5. dxc5 Bxc5 6. Bd3 Nf6 7. Qe2 Nc6 8.
O-O Nb4 9. e5 Nd7 10. Nb3 Be7 11. a3 Nxd3 12. cxd3 Nc5 13. Nxc5 Bxc5 14. Bg5 f6
15. exf6 gxf6 16. Ne5 O-O 17. Bh6 fxe5 18. Qg4+ Kf7 19. Qh5+ Kg8 20. Qg4+ Kf7
21. Qh5+ 1/2-1/2

[Event "SF Brackel 1 - SV Erkenschwick 1"]
[Site "Oberliga NRW 2021/2022"]
[Date "2021.11.28"]
[Round "2.2"]
[White "Luft, Dennis"]
[Black "Willemze, Thomas"]
[Result "1/2-1/2"]
[WhiteElo "2263"]
[BlackElo "2350"]
[PlyCount "88"]
[EventDate "2021.??.??"]
[SourceVersionDate "2020.03.16"]
[WhiteTeam "SF Brackel 1"]
[BlackTeam "SV Erkenschwick 1"]

1. e4 d5 2. exd5 Qxd5 3. Nf3 Bg4 4. Be2 Nc6 5. h3 Bxf3 6. Bxf3 Qe6+ 7. Qe2 Nd4
8. Qxe6 Nxf3+ 9. gxf3 fxe6 10. b3 g6 11. Bb2 Nf6 12. Nc3 Bg7 13. O-O-O Nh5 14.
Rde1 Kd7 15. Ne4 b6 16. Ng5 Bxb2+ 17. Kxb2 Raf8 18. Re3 Nf4 19. Rhe1 Rf6 20.
Re4 h6 21. Rd4+ Kc8 22. Ne4 Rff8 23. Ra4 Nxh3 24. Rxa7 Kb8 25. Ra4 Rxf3 26. Nc3
Ng5 27. Nb5 Rxf2 28. Nd4 Kb7 29. Nxe6 Nxe6 30. Rxe6 Rd8 31. Rxg6 Rdxd2 32. Rc4
Rd6 33. Rg7 Re2 34. Rh7 Kc8 35. a4 Kd7 36. b4 Re5 37. Rh4 Ree6 38. Rh3 Re4 39.
Kb3 c5 40. bxc5 bxc5 41. R7xh6 Rb4+ 42. Ka3 Rdd4 43. Ra6 Rd1 44. Ka2 Rdd4
1/2-1/2

[Event "SF Brackel 1 - SV Erkenschwick 1"]
[Site "Oberliga NRW 2021/2022"]
[Date "2021.11.28"]
[Round "2.3"]
[White "Jonkman, Harmen"]
[Black "Fluechter, Gregor"]
[Result "1/2-1/2"]
[WhiteElo "2383"]
[BlackElo "2226"]
[PlyCount "120"]
[EventDate "2021.??.??"]
[SourceVersionDate "2020.03.16"]
[WhiteTeam "SV Erkenschwick 1"]
[BlackTeam "SF Brackel 1"]

1. e4 c5 2. Nf3 Nc6 3. c3 Nf6 4. e5 Nd5 5. d4 cxd4 6. cxd4 d6 7. Bc4 Nb6 8. Bb3
d5 9. Nh4 e6 10. g3 Bd7 11. Nc3 Nc4 12. f4 Qb6 13. Nf3 N6a5 14. Ba4 Nxb2 15.
Bxd7+ Kxd7 16. Qc2 Nbc4 17. Rb1 Qc6 18. f5 Na3 19. Bxa3 Bxa3 20. Qd3 Qc4 21.
Qxc4 Nxc4 22. Rxb7+ Kc6 23. Rb3 exf5 24. O-O Be7 25. Rfb1 Nb6 26. Nb5 Rhb8 27.
e6 Bf6 28. exf7 Kd7 29. Nxa7 Rxa7 30. Rxb6 Rxb6 31. f8=Q Rxb1+ 32. Kg2 Rxa2+
33. Kh3 Rbb2 34. Qc5 Ke6 35. Qc8+ Kd6 36. Qc5+ Ke6 37. Qc6+ Kf7 38. Qxd5+ Ke7
39. Qc5+ Ke6 40. Qc8+ Ke7 41. Qxf5 h6 42. Qc5+ Kf7 43. Qd5+ Ke7 44. Kg4 Rxh2
45. Ne5 Bxe5 46. dxe5 Rae2 47. Qd6+ Kf7 48. Qd7+ Kg8 49. Qc8+ Kf7 50. Qc4+ Ke7
51. Qb4+ Ke6 52. Qd6+ Kf7 53. Qd7+ Kg8 54. Qd5+ Kh7 55. e6 Re3 56. Qf5+ Kh8 57.
e7 Rhe2 58. Qf8+ Kh7 59. Qf5+ Kh8 60. Qf8+ Kh7 1/2-1/2

[Event "SF Brackel 1 - SV Erkenschwick 1"]
[Site "Oberliga NRW 2021/2022"]
[Date "2021.11.28"]
[Round "2.4"]
[White "Steinmetzer, Thomas"]
[Black "Homs, Guust"]
[Result "1/2-1/2"]
[WhiteElo "2202"]
[BlackElo "2130"]
[PlyCount "34"]
[EventDate "2021.??.??"]
[SourceVersionDate "2020.03.16"]
[WhiteTeam "SF Brackel 1"]
[BlackTeam "SV Erkenschwick 1"]

1. e4 e5 2. Nf3 Nc6 3. Bb5 a6 4. Ba4 d6 5. c3 f5 6. d3 Nf6 7. Bg5 h6 8. Bxf6
Qxf6 9. O-O Be7 10. Bb3 fxe4 11. dxe4 Qg6 12. Qd3 Nd8 13. Kh1 Ne6 14. Bxe6 Bxe6
15. c4 Qf7 16. b3 Bf6 17. Nc3 O-O 1/2-1/2

[Event "SF Brackel 1 - SV Erkenschwick 1"]
[Site "Oberliga NRW 2021/2022"]
[Date "2021.11.28"]
[Round "2.5"]
[White "Strozewski, Frank"]
[Black "Korten, Lando"]
[Result "1/2-1/2"]
[WhiteElo "2006"]
[BlackElo "2175"]
[PlyCount "96"]
[EventDate "2021.??.??"]
[SourceVersionDate "2020.03.16"]
[WhiteTeam "SV Erkenschwick 1"]
[BlackTeam "SF Brackel 1"]

1. c4 Nf6 2. d4 g6 3. Nc3 Bg7 4. e4 d6 5. Be2 O-O 6. g4 c5 7. d5 e6 8. g5 Ne8
9. h4 Nc7 10. Nh3 exd5 11. cxd5 b5 12. Qc2 Nd7 13. Bd2 b4 14. Nd1 Re8 15. f3
Rb8 16. Nf4 Ne5 17. Nd3 Nb5 18. Be3 Bd7 19. N1f2 Nxd3+ 20. Bxd3 Nd4 21. Bxd4
Bxd4 22. Nd1 Qe7 23. Rc1 Qe5 24. Qh2 Qxd5 25. Kf1 Qe6 26. h5 d5 27. hxg6 hxg6
28. Nf2 c4 29. exd5 Qxd5 30. Be4 Qxg5 31. Rd1 Qf6 32. Qh7+ Kf8 33. Bxg6 Qxg6
34. Qxg6 fxg6 35. Rxd4 Be6 36. Rh7 c3 37. bxc3 bxc3 38. Nd3 Rec8 39. Ke2 Kg8
40. Rxa7 Ra8 41. Rxa8 Rxa8 42. Nc1 Bxa2 43. Nxa2 Rxa2+ 44. Kd3 Kg7 45. Rc4 Kf6
46. Rxc3 Kf5 47. Ke3 Ra5 48. Kf2 g5 1/2-1/2

[Event "SF Brackel 1 - SV Erkenschwick 1"]
[Site "Oberliga NRW 2021/2022"]
[Date "2021.11.28"]
[Round "2.6"]
[White "Goldschmidt, Christian"]
[Black "Eggenstein, Frank"]
[Result "1-0"]
[WhiteElo "2162"]
[BlackElo "1956"]
[PlyCount "77"]
[EventDate "2021.??.??"]
[SourceVersionDate "2020.03.16"]
[WhiteTeam "SF Brackel 1"]
[BlackTeam "SV Erkenschwick 1"]

1. e4 e6 2. d4 d5 3. Nd2 Nf6 4. e5 Nfd7 5. f4 c5 6. c3 Nc6 7. Ndf3 Qb6 8. g3
cxd4 9. cxd4 Be7 10. Kf2 g5 11. fxg5 Ndxe5 12. Kg2 Nc4 13. b3 Nd6 14. Bd3 Bd7
15. Ne2 Nb4 16. Bb1 O-O-O 17. Bf4 Kb8 18. Nc3 Rc8 19. Qd2 Ka8 20. Rc1 Nc6 21.
Na4 Qd8 22. Nc5 b6 23. Nxd7 Qxd7 24. Ne5 Nxe5 25. Bxe5 Rxc1 26. Qxc1 Rc8 27.
Qf4 Ne4 28. Bxe4 dxe4 29. Qxe4+ Qb7 30. Qxb7+ Kxb7 31. h4 Rc2+ 32. Kf3 Kc6 33.
Ke3 Kb5 34. Rf1 f5 35. gxf6 Bf8 36. Rf2 Rxf2 37. Kxf2 Kb4 38. g4 Ka3 39. g5 1-0

[Event "SF Brackel 1 - SV Erkenschwick 1"]
[Site "Oberliga NRW 2021/2022"]
[Date "2021.11.28"]
[Round "2.7"]
[White "Spriestersbach, Kai"]
[Black "Seref, Erdogan"]
[Result "1/2-1/2"]
[WhiteElo "1941"]
[BlackElo "1985"]
[PlyCount "74"]
[EventDate "2021.??.??"]
[SourceVersionDate "2020.03.16"]
[WhiteTeam "SV Erkenschwick 1"]
[BlackTeam "SF Brackel 1"]

1. e4 e5 2. Nf3 Nc6 3. Bb5 Nf6 4. O-O Nxe4 5. d4 Nd6 6. Bg5 Be7 7. Bxe7 Qxe7 8.
Bxc6 dxc6 9. dxe5 Nf5 10. Nc3 O-O 11. h3 Be6 12. Nd4 Rad8 13. Nxf5 Bxf5 14. Qe2
Qb4 15. Rab1 Rfe8 16. Rfd1 Rxd1+ 17. Nxd1 Qc5 18. Ne3 Qxe5 19. Qh5 Bc8 20. Qh4
Qe7 21. Qd4 a6 22. Rd1 h6 23. a3 c5 24. Qf4 Be6 25. Qe5 b6 26. b3 Kh7 27. Qe4+
Kh8 28. Qe5 Rd8 29. Rxd8+ Qxd8 30. Qe4 Qc8 31. Qc6 Kg8 32. a4 a5 33. h4 Bd7 34.
Qd5 Be6 35. Qc6 Bd7 36. Qd5 Be6 37. Qc6 Bd7 1/2-1/2

[Event "SF Brackel 1 - SV Erkenschwick 1"]
[Site "Oberliga NRW 2021/2022"]
[Date "2021.11.28"]
[Round "2.8"]
[White "Skabs, Denis"]
[Black "Trzaska, Peter"]
[Result "1/2-1/2"]
[WhiteElo "2022"]
[BlackElo "2038"]
[Annotator "danie"]
[PlyCount "109"]
[EventDate "2021.??.??"]
[SourceVersionDate "2020.03.16"]
[WhiteTeam "SF Brackel 1"]
[BlackTeam "SV Erkenschwick 1"]

1. e4 d5 2. exd5 Nf6 3. d4 Nxd5 4. Bd3 c5 5. Bc4 e6 6. Nf3 Nb6 7. Bb5+ Bd7 8.
Bxd7+ Qxd7 9. O-O Nc6 10. dxc5 Qxd1 11. Rxd1 Bxc5 12. b3 Ke7 13. Bb2 Rhd8 14.
Nbd2 Kf8 15. Ne4 Be7 16. c4 Rxd1+ $11 17. Rxd1 Rd8 18. Rxd8+ Nxd8 19. Nd4 f5
20. Nc3 Kf7 21. Kf1 g6 22. Ke2 Nc6 23. Ncb5 Bf6 24. Nxc6 bxc6 25. Nd6+ Ke7 26.
Ba3 Kd7 27. Nb7 Be7 28. Bxe7 Kxe7 29. f4 Nd7 30. Ke3 e5 31. fxe5 Nxe5 32. Kd4
Nd7 33. b4 g5 34. c5 Nf6 35. Ke5 f4 36. Na5 Ng4+ 37. Kf5 Ne3+ 38. Kxg5 Nxg2 39.
Nxc6+ Ke6 40. Nd4+ Kd5 41. Nf3 Ne3 42. Kxf4 Nc2 43. a3 Nxa3 44. Ne5 Nc2 45. Nd3
Nd4 46. h4 Ne6+ 47. Kf5 Nc7 48. Ne5 h5 49. Kf6 Nb5 50. Kf5 Nd4+ 51. Kf6 Nb5 52.
c6 Kd6 53. Nd3 Kxc6 54. Kg5 Nd4 55. Kxh5 1/2-1/2

[Event "Bochumer SV 1 - Klub Kölner SF 1"]
[Site "Oberliga NRW 2021/2022"]
[Date "2021.11.28"]
[Round "2.1"]
[White "Morawietz, Dieter"]
[Black "Zatonskih, Anna"]
[Result "1/2-1/2"]
[WhiteElo "2406"]
[BlackElo "2426"]
[PlyCount "42"]
[EventDate "2021.??.??"]
[SourceVersionDate "2020.03.16"]
[WhiteTeam "Klub Kölner SF 1"]
[BlackTeam "Bochumer SV 1"]

1. e4 e6 2. d4 d5 3. Nc3 dxe4 4. Nxe4 Nd7 5. Nf3 Ngf6 6. Nxf6+ Nxf6 7. Be3 Be7
8. Bd3 O-O 9. Ne5 c5 10. c3 Nd5 11. Qf3 Qc7 12. O-O Bd6 13. Rae1 f5 14. Bd2
cxd4 15. cxd4 Bxe5 16. Rxe5 Bd7 17. Rfe1 Rae8 18. Qg3 Qc8 19. R5e2 Bc6 20. Bc4
Qd7 21. Bf4 Rf6 1/2-1/2

[Event "Bochumer SV 1 - Klub Kölner SF 1"]
[Site "Oberliga NRW 2021/2022"]
[Date "2021.11.28"]
[Round "2.2"]
[White "Illner, Achim"]
[Black "Helbig, Mark"]
[Result "1/2-1/2"]
[WhiteElo "2447"]
[BlackElo "2240"]
[PlyCount "73"]
[EventDate "2021.??.??"]
[SourceVersionDate "2020.03.16"]
[WhiteTeam "Bochumer SV 1"]
[BlackTeam "Klub Kölner SF 1"]

1. d4 Nf6 2. c4 g6 3. g3 Bg7 4. Bg2 O-O 5. Nc3 d6 6. Nf3 Nc6 7. O-O a6 8. d5
Na5 9. b3 Nxd5 10. Nxd5 Bxa1 11. Bd2 Nxb3 12. Bg5 Re8 13. axb3 Bg7 14. Qd2 c6
15. Nc3 Qb6 16. Qc2 Bf5 17. e4 Be6 18. Be3 Qa5 19. Bd4 Bh6 20. Ne2 f6 21. h4
Bf7 22. Ra1 Qd8 23. Rd1 Qc7 24. g4 e5 25. Bb2 Qe7 26. g5 Bg7 27. gxf6 Bxf6 28.
Ng5 Rad8 29. Bc1 Kg7 30. Nxf7 Qxf7 31. Qd2 b5 32. Qh6+ Kh8 33. h5 Rg8 34. Rd3
bxc4 35. bxc4 Qxc4 36. Rh3 Qf7 37. Rf3 1/2-1/2

[Event "Bochumer SV 1 - Klub Kölner SF 1"]
[Site "Oberliga NRW 2021/2022"]
[Date "2021.11.28"]
[Round "2.3"]
[White "Wacker, Peter"]
[Black "Friedmann, Rafael"]
[Result "1/2-1/2"]
[WhiteElo "2239"]
[BlackElo "2382"]
[PlyCount "26"]
[EventDate "2021.??.??"]
[SourceVersionDate "2020.03.16"]
[WhiteTeam "Klub Kölner SF 1"]
[BlackTeam "Bochumer SV 1"]

1. d4 d5 2. Nc3 Nf6 3. Bf4 c6 4. e3 Bf5 5. Bd3 Bxd3 6. Qxd3 e6 7. Nf3 Bd6 8.
Bxd6 Qxd6 9. O-O Nbd7 10. e4 dxe4 11. Nxe4 Nxe4 12. Qxe4 Nf6 13. Qe2 O-O
1/2-1/2

[Event "Bochumer SV 1 - Klub Kölner SF 1"]
[Site "Oberliga NRW 2021/2022"]
[Date "2021.11.28"]
[Round "2.4"]
[White "Schneider, Bernd"]
[Black "Bayer, Ernst-Wolfgang"]
[Result "1/2-1/2"]
[WhiteElo "2265"]
[BlackElo "2223"]
[PlyCount "32"]
[EventDate "2021.??.??"]
[SourceVersionDate "2020.03.16"]
[WhiteTeam "Bochumer SV 1"]
[BlackTeam "Klub Kölner SF 1"]

1. c4 e6 2. Nc3 d5 3. d4 Nf6 4. Nf3 Be7 5. Bg5 h6 6. Bh4 O-O 7. e3 b6 8. cxd5
Nxd5 9. Bxe7 Qxe7 10. Rc1 Nxc3 11. Rxc3 Bb7 12. Be2 Rc8 13. O-O Nd7 14. Qa4 c5
15. Rfc1 a6 16. dxc5 Rxc5 1/2-1/2

[Event "Bochumer SV 1 - Klub Kölner SF 1"]
[Site "Oberliga NRW 2021/2022"]
[Date "2021.11.28"]
[Round "2.5"]
[White "Bonnmann, Reinhard"]
[Black "Heinbuch, Detlef Ulrich"]
[Result "1-0"]
[WhiteElo "2183"]
[BlackElo "2181"]
[PlyCount "55"]
[EventDate "2021.??.??"]
[SourceVersionDate "2020.03.16"]
[WhiteTeam "Klub Kölner SF 1"]
[BlackTeam "Bochumer SV 1"]

1. d4 d5 2. c4 dxc4 3. e3 Nf6 4. Bxc4 e6 5. Nf3 a6 6. O-O c5 7. dxc5 Bxc5 8.
Qxd8+ Kxd8 9. Ne5 Ke7 10. Be2 Nfd7 11. Nd3 Bd6 12. Nd2 Nf6 13. Nc4 Bc7 14. b3
Rd8 15. Rd1 Nc6 16. Bb2 b5 17. Bf3 Nd5 18. Bxg7 f6 19. Ncb2 Ne5 20. Be4 Nf7 21.
Nf4 Bb7 22. Nbd3 Rab8 23. Nh5 Nc3 24. Bxf6+ Kf8 25. Bxd8 Bxe4 26. Bxc7 Rc8 27.
Nc5 Nxd1 28. Rxd1 1-0

[Event "Bochumer SV 1 - Klub Kölner SF 1"]
[Site "Oberliga NRW 2021/2022"]
[Date "2021.11.28"]
[Round "2.6"]
[White "Kiese, Matthias"]
[Black "Wisskirchen, Andreas"]
[Result "1/2-1/2"]
[WhiteElo "2154"]
[BlackElo "2187"]
[PlyCount "49"]
[EventDate "2021.??.??"]
[SourceVersionDate "2020.03.16"]
[WhiteTeam "Bochumer SV 1"]
[BlackTeam "Klub Kölner SF 1"]

1. d4 Nf6 2. Nf3 g6 3. c4 Bg7 4. Nc3 O-O 5. e4 d6 6. Be2 e5 7. dxe5 dxe5 8.
Qxd8 Rxd8 9. Bg5 Nbd7 10. O-O-O Rf8 11. Nd5 c6 12. Ne7+ Kh8 13. Be3 Re8 14.
Nxc8 Raxc8 15. g4 Nf8 16. Nd2 Ne6 17. g5 Nd7 18. Bg4 Rc7 19. Nb3 Bf8 20. Bxe6
Rxe6 21. Rd3 Rd6 22. Rxd6 Bxd6 23. Rd1 Be7 24. Rd3 Kg7 25. Kd1 1/2-1/2

[Event "Bochumer SV 1 - Klub Kölner SF 1"]
[Site "Oberliga NRW 2021/2022"]
[Date "2021.11.28"]
[Round "2.7"]
[White "Schmidt, Martin"]
[Black "Berndt, Joachim"]
[Result "1-0"]
[WhiteElo "2164"]
[BlackElo "2028"]
[PlyCount "41"]
[EventDate "2021.??.??"]
[SourceVersionDate "2020.03.16"]
[WhiteTeam "Klub Kölner SF 1"]
[BlackTeam "Bochumer SV 1"]

1. e4 c5 2. Nc3 Nc6 3. Bb5 Nd4 4. Nf3 g6 5. Bc4 Bg7 6. Nxd4 cxd4 7. Qf3 Nf6 8.
e5 dxc3 9. dxc3 Qc7 10. exf6 Bxf6 11. Bb3 O-O 12. Bf4 Qc6 13. Bd5 Qb5 14. O-O-O
e6 15. Bd6 Bg5+ 16. Kb1 Re8 17. h4 Bd8 18. h5 g5 19. Rhe1 Qb6 20. Be4 f6 21. h6
1-0

[Event "Bochumer SV 1 - Klub Kölner SF 1"]
[Site "Oberliga NRW 2021/2022"]
[Date "2021.11.28"]
[Round "2.8"]
[White "Hinkmann, Jens"]
[Black "Langner, Jasper"]
[Result "1-0"]
[WhiteElo "1988"]
[BlackElo "1983"]
[PlyCount "37"]
[EventDate "2021.??.??"]
[SourceVersionDate "2020.03.16"]
[WhiteTeam "Bochumer SV 1"]
[BlackTeam "Klub Kölner SF 1"]

1. e4 e5 2. Nf3 Nc6 3. Nc3 Nf6 4. d4 exd4 5. Nd5 Nb4 6. Nxd4 Nbxd5 7. exd5 Nxd5
8. Nf5 Ne7 9. Bg5 f6 10. Bxf6 gxf6 11. Qh5+ Ng6 12. O-O-O d5 13. Nh4 Bg7 14.
Bd3 Kf8 15. Bxg6 hxg6 16. Nxg6+ Kg8 17. Nxh8 Bxh8 18. Rhe1 Bd7 19. Qxd5+ 1-0

[Event "SF Essen-Katernberg  1 - SF Brackel 1"]
[Site "Oberliga NRW 2021/2022"]
[Date "2021.12.12"]
[Round "3.1"]
[White "Fiebig, Thomas"]
[Black "Tomic, Bosko"]
[Result "0-1"]
[WhiteElo "2415"]
[BlackElo "2382"]
[PlyCount "80"]
[EventDate "2021.??.??"]
[SourceVersionDate "2020.03.16"]
[WhiteTeam "SF Brackel 1"]
[BlackTeam "SF Essen-Katernberg  1"]

1. e4 c5 2. c3 Nf6 3. e5 Nd5 4. Nf3 e6 5. d4 cxd4 6. cxd4 d6 7. Bc4 Nc6 8. O-O
Be7 9. a3 Bd7 10. Qe2 dxe5 11. dxe5 Na5 12. Ba2 a6 13. Qe4 Bb5 14. Re1 Qc7 15.
b4 Rc8 16. Bg5 Bxg5 17. Nxg5 Qc1 18. Nf3 Qb2 19. Nbd2 Nc3 20. Qg4 O-O 21. Bxe6
fxe6 22. Qxe6+ Kh8 23. bxa5 Rcd8 24. Nf1 Ne2+ 25. Kh1 Rxf3 26. gxf3 Bc6 27.
Rxe2 Qxa1 28. Kg2 Bb5 29. Qe7 Re8 30. Qf7 Rg8 31. Ng3 Bxe2 32. Nxe2 Qxe5 33.
Ng3 Qxa5 34. Ne4 Qxa3 35. Qxb7 h6 36. Qd5 Qe7 37. f4 Rf8 38. f3 Qf7 39. Qc6
Qxf4 40. Nc5 Rf6 0-1

[Event "SF Essen-Katernberg  1 - SF Brackel 1"]
[Site "Oberliga NRW 2021/2022"]
[Date "2021.12.12"]
[Round "3.2"]
[White "Kueppers, Timo"]
[Black "Luft, Dennis"]
[Result "0-1"]
[WhiteElo "2286"]
[BlackElo "2263"]
[PlyCount "92"]
[EventDate "2021.??.??"]
[SourceVersionDate "2020.03.16"]
[WhiteTeam "SF Essen-Katernberg  1"]
[BlackTeam "SF Brackel 1"]

1. d4 d5 2. c4 e6 3. Nc3 Nf6 4. cxd5 exd5 5. Bg5 Be7 6. e3 O-O 7. Bd3 Re8 8.
Qc2 h6 9. Bh4 Nbd7 10. Nf3 c6 11. O-O Nh5 12. Bxe7 Qxe7 13. Rab1 Nb6 14. Ne5
Nf6 15. b4 Ng4 16. Nxg4 Bxg4 17. a4 Nc4 18. Bxc4 dxc4 19. Qa2 b5 20. axb5 cxb5
21. h3 Bf5 22. e4 Bxe4 23. Rbe1 Qb7 24. f3 Bd3 25. Rxe8+ Rxe8 26. Ra1 Qb6 27.
Qf2 Rd8 28. d5 Qf6 29. Ra3 a5 30. Qc5 axb4 31. Qxb4 Qd4+ 32. Kh1 Re8 33. Ra1
Re5 34. Rg1 Bf5 35. Rd1 Qf2 36. Ne4 Qc2 37. Rd2 Qc1+ 38. Kh2 Bxe4 39. fxe4 Rxe4
40. Rf2 Re1 41. Qc5 Rh1+ 42. Kg3 Qg5+ 43. Kf3 Rd1 44. Ke4 f5+ 45. Ke5 Qf6+ 46.
Kf4 g5+ 0-1

[Event "SF Essen-Katernberg  1 - SF Brackel 1"]
[Site "Oberliga NRW 2021/2022"]
[Date "2021.12.12"]
[Round "3.3"]
[White "Fluechter, Gregor"]
[Black "Rosen, Bernd"]
[Result "1/2-1/2"]
[WhiteElo "2226"]
[BlackElo "2278"]
[PlyCount "91"]
[EventDate "2021.??.??"]
[SourceVersionDate "2020.03.16"]
[WhiteTeam "SF Brackel 1"]
[BlackTeam "SF Essen-Katernberg  1"]

1. e4 e6 2. d4 d5 3. exd5 exd5 4. Nf3 Nf6 5. Bd3 c5 6. c3 Be7 7. O-O O-O 8. Bg5
Nc6 9. dxc5 Bxc5 10. Nbd2 Bb6 11. Nb3 Qd6 12. Bh4 Bg4 13. Bg3 Qd7 14. Be2 Rfe8
15. Nfd4 Bxd4 16. Nxd4 Nxd4 17. Bxg4 Qxg4 18. Qxg4 Nxg4 19. cxd4 Rac8 20. f3
Ne3 21. Rf2 Nf5 22. Rd2 f6 23. Bf2 Rc6 24. Kf1 Kf7 25. Re1 Rxe1+ 26. Kxe1 g5
27. Ke2 h5 28. Kd3 h4 29. Rc2 Rxc2 30. Kxc2 Ng7 31. Kd3 Ne6 32. Be3 Kg6 33. g4
h3 34. Ke2 f5 35. b3 Nd8 36. Kf2 Nc6 37. gxf5+ Kxf5 38. Kg3 Nb4 39. Kxh3 Nxa2
40. Bd2 a5 41. Kg2 b5 42. Bxa5 Nc1 43. b4 Nd3 44. Kg3 Ne1 45. Bb6 Nc2 46. Bc5
1/2-1/2

[Event "SF Essen-Katernberg  1 - SF Brackel 1"]
[Site "Oberliga NRW 2021/2022"]
[Date "2021.12.12"]
[Round "3.4"]
[White "Wessendorf, Thomas"]
[Black "Steinmetzer, Thomas"]
[Result "1-0"]
[WhiteElo "2242"]
[BlackElo "2202"]
[PlyCount "78"]
[EventDate "2021.??.??"]
[SourceVersionDate "2020.03.16"]
[WhiteTeam "SF Essen-Katernberg  1"]
[BlackTeam "SF Brackel 1"]

1. e4 e5 2. Nf3 Nc6 3. Bb5 a6 4. Ba4 d6 5. O-O Bd7 6. c3 g6 7. d4 Bg7 8. Re1 h6
9. Be3 Nge7 10. Nbd2 O-O 11. dxe5 dxe5 12. Bc5 b6 13. Ba3 Na7 14. Bxd7 Qxd7 15.
Nc4 Qe6 16. Qb3 Nb5 17. Ncxe5 Nxa3 18. Qxe6 fxe6 19. bxa3 Rxf3 20. Nxf3 Bxc3
21. Rac1 Bxe1 22. Rxc7 Rc8 23. Rxc8+ Nxc8 24. Nxe1 Nd6 25. f3 Nb5 26. Nc2 Nc3
27. Kf2 Nxa2 28. Ke3 Nc3 29. Kd3 Nb5 30. a4 Nc7 31. Kd4 Kf7 32. Ne3 Kf6 33.
Ng4+ Kg5 34. g3 Ne8 35. Ke5 b5 36. a5 Kh5 37. Ne3 g5 38. Nc2 Kg6 39. Nb4 h5 1-0

[Event "SF Essen-Katernberg  1 - SF Brackel 1"]
[Site "Oberliga NRW 2021/2022"]
[Date "2021.12.12"]
[Round "3.5"]
[White "Korten, Lando"]
[Black "Meyer, Armin"]
[Result "1-0"]
[WhiteElo "2175"]
[BlackElo "2250"]
[PlyCount "71"]
[EventDate "2021.??.??"]
[SourceVersionDate "2020.03.16"]
[WhiteTeam "SF Brackel 1"]
[BlackTeam "SF Essen-Katernberg  1"]

1. d4 Nf6 2. c4 e6 3. Nc3 d5 4. cxd5 exd5 5. Bg5 c6 6. e3 Bd6 7. Bd3 O-O 8. Qc2
h6 9. Bh4 Re8 10. Nge2 a5 11. h3 Na6 12. a3 Nc7 13. O-O Ne6 14. Na4 Ng5 15.
Nac3 Bd7 16. Bg3 Bf8 17. Be5 Rc8 18. Ng3 b5 19. Rad1 g6 20. h4 Nge4 21. Ncxe4
dxe4 22. Nxe4 Nxe4 23. Bxe4 f5 24. Bf3 Qxh4 25. a4 bxa4 26. Qc4+ Be6 27. Qxa4
Bd5 28. Bxd5+ cxd5 29. Qxa5 Qd8 30. Qa6 Kh7 31. Rc1 Be7 32. Qe6 h5 33. Qf7+ Kh6
34. Qg7+ Kg5 35. Bf4+ Kh4 36. Qxg6 1-0

[Event "SF Essen-Katernberg  1 - SF Brackel 1"]
[Site "Oberliga NRW 2021/2022"]
[Date "2021.12.12"]
[Round "3.6"]
[White "Schimnatkowski, Lukas"]
[Black "Goldschmidt, Christian"]
[Result "0-1"]
[WhiteElo "2217"]
[BlackElo "2162"]
[PlyCount "74"]
[EventDate "2021.??.??"]
[SourceVersionDate "2020.03.16"]
[WhiteTeam "SF Essen-Katernberg  1"]
[BlackTeam "SF Brackel 1"]

1. e4 e5 2. Nf3 Nc6 3. Bc4 Nf6 4. d3 h6 5. c3 d6 6. O-O g5 7. Nbd2 Bg7 8. Bb3
O-O 9. h3 g4 10. hxg4 Bxg4 11. Re1 d5 12. exd5 Nxd5 13. Ne4 Kh8 14. a4 b6 15.
Bc4 f5 16. Ng3 Na5 17. Ba2 c5 18. Qc2 Bxf3 19. gxf3 Nf4 20. Bxf4 exf4 21. Nf1
Nc6 22. Re6 Ne5 23. Qe2 Qg5+ 24. Kh1 Bf6 25. Nh2 Rg8 26. Qf1 Rg7 27. d4 cxd4
28. cxd4 Nf7 29. Rd1 Qh4 30. Qb5 Qg5 31. Qf1 Rag8 32. Rc6 Qh4 33. Bxf7 Rxf7 34.
d5 Rfg7 35. d6 Rg5 36. Qc4 Qxh2+ 37. Kxh2 Rh5# 0-1

[Event "SF Essen-Katernberg  1 - SF Brackel 1"]
[Site "Oberliga NRW 2021/2022"]
[Date "2021.12.12"]
[Round "3.7"]
[White "Slanina, Aaron"]
[Black "Bee, Marcus"]
[Result "1/2-1/2"]
[WhiteElo "1936"]
[BlackElo "2190"]
[Annotator "daniel"]
[PlyCount "91"]
[EventDate "2021.??.??"]
[SourceVersionDate "2020.03.16"]
[WhiteTeam "SF Brackel 1"]
[BlackTeam "SF Essen-Katernberg  1"]

1. e4 g6 2. d4 Bg7 3. Nf3 c6 4. c4 d5 5. cxd5 cxd5 6. e5 Nc6 7. Nc3 Bg4 8. Be3
e6 9. Qb3 Bxf3 10. gxf3 Nge7 11. Bd3 Qb6 12. Qxb6 axb6 13. Rc1 O-O 14. a3 Rfc8
15. Nb5 Bf8 16. Nd6 Rc7 17. Nb5 Rd7 18. Kd2 Nf5 19. Rc2 Be7 20. Rhc1 Kg7 21. b4
Kf8 22. Bxf5 exf5 23. Bh6+ Ke8 24. Rc3 Kd8 25. f4 Ke8 $11 26. Bg5 h5 27. Bxe7
Kxe7 28. Kd3 Ke6 29. Nd6 Rxd6 30. exd6 Kxd6 31. Re1 Nd8 32. Re8 Kd7 33. Rf8 Ra6
34. Kc2 Ke7 35. Rh8 Ne6 36. Kb2 b5 37. Rb8 Rb6 38. Rcc8 Kd7 39. Kc3 Ra6 40. Ra8
Rxa3+ 41. Rxa3 Kxc8 42. Ra5 Nc7 43. Kd3 Kd7 44. Ra1 Na6 45. Kc3 Nc7 46. Kd3
1/2-1/2